What we know about mathematics : (Record no. 99819)
[ view plain ]
| 000 -LEADER | |
|---|---|
| fixed length control field | 00572nam a22001817a 4500 |
| 005 - DATE AND TIME OF LATEST TRANSACTION | |
| control field | 20260414125435.0 |
| 008 - FIXED-LENGTH DATA ELEMENTS--GENERAL INFORMATION | |
| fixed length control field | 260413b |||||||| |||| 00| 0 eng d |
| 020 ## - INTERNATIONAL STANDARD BOOK NUMBER | |
| International Standard Book Number | 9781935249955 |
| 040 ## - CATALOGING SOURCE | |
| Transcribing agency | URS |
| 050 ## - LIBRARY OF CONGRESS CALL NUMBER | |
| Classification number | QA 13 |
| Item number | .W5561 2010 |
| 245 ## - TITLE STATEMENT | |
| Title | What we know about mathematics : |
| Remainder of title | teaching and learning / |
| 250 ## - EDITION STATEMENT | |
| Edition statement | Third Edition. -- |
| 264 ## - PUBLICATION, DISTRIBUTION, ETC. (IMPRINT) | |
| Place of publication, distribution, etc | Bloomington, IN : |
| Name of publisher, distributor, etc | Solution Tree, |
| Date of publication, distribution, etc | ©2010. |
| 300 ## - PHYSICAL DESCRIPTION | |
| Extent | xii, 129 pages ; |
| Dimensions | 28 cm. |
| 504 ## - BIBLIOGRAPHY, ETC. NOTE | |
| Bibliography, etc | Includes bibliographical references. |
| 650 ## - SUBJECT ADDED ENTRY--TOPICAL TERM | |
| Topical term or geographic name as entry element | Mathematics |
| Form subdivision | Study and Teaching. |
| Geographic subdivision | United States. |
| 942 ## - ADDED ENTRY ELEMENTS (KOHA) | |
| Source of classification or shelving scheme | Library of Congress Classification |
| Koha item type | Foreign Books |
| Withdrawn status | Lost status | Source of classification or shelving scheme | Damaged status | Not for loan | Home library | Current library | Shelving location | Date acquired | Source of acquisition | Total Checkouts | Full call number | Barcode | Date last seen | Copy number | Price effective from | Koha item type |
|---|---|---|---|---|---|---|---|---|---|---|---|---|---|---|---|---|
| Library of Congress Classification | Antipolo College Library | Antipolo College Library | On Display | 01/07/2025 | Donation | QA 13 .W5561 2010 | URSANT-06147 | 04/13/2026 | 1 | 04/13/2026 | Foreign Books |